000 00470nam a2200145Ia 4500
008 220217s9999 xx 000 0 und d
100 _aTobia Mathew
245 0 _aThermogravimetric analysis of blends of polychloroprene and EPDM blends
260 _bCocin University of Science and technology
_a Kochi
_c2016
300 _a59
500 _aCourse: MSc Ap Ch
700 _aDr Siby varghese & Mrs Fancy, MA
850 _aRubber Research Institute of India
942 _cTS
999 _c74446
_d74446